[Event "EU-ch U20"]
[Site "Groningen"]
[Date "1981.??.??"]
[Round "1"]
[White "Salov, Valery"]
[Black "Barbulescu, Dan"]
[Result "1-0"]
[WhiteElo "2295"]
[BlackElo "2210"]

1.c4 e5 2.Nc3 Nf6 3.Nf3 Nc6 4.g3 d5 5.cxd5 Nxd5 6.Bg2 Nb6 7.O-O Be7 8.a3 O-O
9.b4 Be6 10.d3 f6 11.Bb2 Qe8 12.Nd2 Qf7 13.Rc1 Rfd8 14.Nb5 Bd5 15.Bxd5 Nxd5
16.Nc3 Rd7 17.Nxd5 Rxd5 18.Qb3 Rc8 19.Rc2 Nd4 20.Bxd4 exd4 21.b5 Re5 22.Nc4 Rc5
23.a4 b6 24.Rfc1 c6 25.bxc6 R8xc6 26.Qb2 Qd5 27.Nd2 f5 28.Rxc5 Rxc5 29.Rxc5 Bxc5
30.Qb5 Qe6 31.Kf1 h6 32.Nf3 Kh7 33.Qa6 Qd7 34.Qc4 Qe7 35.Qd5 Qf6 36.Ne5 g6
37.h4  1-0

[Event "EU-ch U20"]
[Site "Groningen"]
[Date "1981.??.??"]
[Round "3"]
[White "Salov, Valery"]
[Black "Sokolov, Andrei"]
[Result "1/2-1/2"]
[WhiteElo "2295"]
[BlackElo "2375"]

1.c4 Nf6 2.Nc3 e6 3.e4 d5 4.e5 Ne4 5.Nf3 Be7 6.d4 c5 7.cxd5 exd5 8.Bd3 Nxc3
9.bxc3 Bg4 10.O-O Nc6 11.h3 Bh5 12.Rb1 Qd7 13.Re1 cxd4 14.cxd4 O-O 15.g4 Bg6
16.Bf4 Rac8 17.Bg3 a6 18.Kg2 b5 19.Re2 Qe6 20.a4 Bxd3 21.Qxd3 b4 22.Bh4 a5
23.Rb3 Bxh4 24.Nxh4 Ne7 25.Nf5 Rc4 26.Qf3 Nc6 27.Rd3 b3 28.Rxb3 Nxd4 29.Nxd4 Rxd4
30.Rb5 Rxa4  1/2-1/2

[Event "EU-ch U20"]
[Site "Groningen"]
[Date "1981.??.??"]
[Round "6"]
[White "Karolyi, Tibor Jr"]
[Black "Salov, Valery"]
[Result "1/2-1/2"]
[WhiteElo "2310"]
[BlackElo "2295"]

1.d4 Nf6 2.c4 e6 3.Nf3 b6 4.a3 Bb7 5.Nc3 d5 6.cxd5 exd5 7.g3 Be7 8.Bg2 O-O
9.Bf4 Na6 10.O-O c5 11.Ne5 Nc7 12.dxc5 bxc5 13.Qa4 Ne6 14.Rad1 Qb6 15.Nd7 Nxd7
16.Qxd7 Bf6 17.Bxd5 Bxd5 18.Nxd5 Qxb2 19.Rd2 Qxa3 20.Nxf6+ gxf6 21.Qe7 Qc3
22.Rd3 Qb2 23.Rd2  1/2-1/2

[Event "EU-ch U20"]
[Site "Groningen"]
[Date "1981.??.??"]
[Round "7"]
[White "Salov, Valery"]
[Black "Siegel, Georg"]
[Result "1/2-1/2"]
[WhiteElo "2295"]
[BlackElo "2300"]

1.c4 Nf6 2.Nc3 e6 3.e4 c5 4.e5 Ng8 5.Nf3 Nc6 6.d4 cxd4 7.Nxd4 Nxe5 8.Ndb5 a6
9.Nd6+ Bxd6 10.Qxd6 f6 11.Be3 Ne7 12.Bb6 Nf5 13.Bxd8 Nxd6 14.Bc7 Ke7 15.c5 Ne8
16.Bb6 d5 17.cxd6+ Nxd6 18.Bc5 Nf7 19.Rd1 Rd8 20.h4 Bd7 21.Rh3 Rac8 22.Bb4 Bc6
23.Rg3 g6 24.Re3 b5 25.a4 e5 26.axb5 axb5 27.Bxb5 Ke6 28.Bxc6 Rxc6 29.Ne2 Rc4
30.Nd4+ Kd7 31.Bxd6 Kxd6 32.Ne2+ Ke6 33.Rxd8 Nxd8 34.g3 Rb4 35.b3 Nc6 36.Kd2 f5
37.Rc3  1/2-1/2

[Event "EU-ch U20"]
[Site "Groningen"]
[Date "1981.??.??"]
[Round "9"]
[White "Pantavos, Panayotis"]
[Black "Salov, Valery"]
[Result "1/2-1/2"]
[WhiteElo "2260"]
[BlackElo "2295"]

1.e4 c5 2.Nf3 d6 3.d4 cxd4 4.Nxd4 Nf6 5.Nc3 e5 6.Bb5+ Nbd7 7.Nf5 a6 8.Bxd7+ Qxd7
9.Bg5 Nxe4 10.Nxg7+ Bxg7 11.Nxe4 O-O 12.Qxd6 f6 13.Qxd7 Bxd7 14.Be3 Bf5 15.f3 Bxe4
16.fxe4 Rac8 17.O-O-O Rc4 18.Rhe1 Rxe4 19.Rd7 Rf7 20.Rd8+ Bf8 21.Kd2 Rg4
22.g3 Kg7 23.Ke2 h5 24.Red1 Rc4 25.c3 Rc6 26.R1d7 Rc7 27.Bh6+ Kxh6 28.Rxc7 Rxc7
29.Rxf8 Kg6 30.Ke3 b5 31.Rg8+ Kf5 32.Rh8 Kg4 33.Rg8+ Kh3 34.Rh8 Kg4 35.Rg8+  1/2-1/2

[Event "EU-ch U20"]
[Site "Groningen"]
[Date "1981.??.??"]
[Round "10"]
[White "Salov, Valery"]
[Black "Condie, Mark L"]
[Result "1/2-1/2"]
[WhiteElo "2295"]
[BlackElo "2240"]

1.c4 e5 2.Nc3 Nf6 3.Nf3 Nc6 4.e3 Be7 5.d4 exd4 6.Nxd4 O-O 7.Nc2 Nb4 8.e4 Re8
9.Bd3 d5 10.cxd5 Bd6 11.Ne3 Nxd3+ 12.Qxd3 Qe7 13.f3 Nh5 14.g3 f5 15.exf5 Bc5
16.Ne4 Bxe3 17.Bxe3 Bxf5 18.O-O Bxe4 19.fxe4 Qxe4 20.Qxe4 Rxe4 21.Bf2 Nf6
22.Rfd1 Re2 23.Rac1 Ne8 24.Bd4 Rd8 25.Bc3 Rd7 26.Re1 Rde7 27.Kf1 Rxe1+ 28.Rxe1 Rxe1+
29.Kxe1 Kf7 30.Be5 Kg6 31.Bd4 a6 32.Ke2 Nf6 33.Kd3 Nxd5 34.Ke4 Nf6+ 35.Ke5 Kf7
36.h3 Nd7+ 37.Kd5 g6 38.Be3 Nf8 39.Ke5 Ne6 40.Bd2 Nc5 41.Kd4 Ne6+ 42.Ke5 Ke7
43.Be3 Kf7  1/2-1/2

[Event "EU-ch U20"]
[Site "Groningen"]
[Date "1981.??.??"]
[Round "12"]
[White "Salov, Valery"]
[Black "Kuijf, Hans"]
[Result "1-0"]
[WhiteElo "2295"]
[BlackElo "2360"]

1.e4 c5 2.Nf3 e6 3.d4 cxd4 4.Nxd4 Nf6 5.Nc3 Nc6 6.Nxc6 bxc6 7.e5 Nd5 8.Ne4 f5
9.exf6 Nxf6 10.Nd6+ Bxd6 11.Qxd6 Qa5+ 12.Bd2 Qd5 13.Bb4 Qxd6 14.Bxd6 Kf7
15.Be2 Ne8 16.Be5 d6 17.Bg3 Ke7 18.c4 c5 19.O-O-O Bb7 20.f3 Rd8 21.Be1 Rf8
22.Bc3 g6 23.Rhe1 Nc7 24.Bf1 e5 25.b4 Ne6 26.Rd2 Rf4 27.bxc5 Nxc5 28.Bxe5 dxe5
29.Rxe5+ Ne6 30.Rxd8 Kxd8 31.Rxe6 Kd7 32.Re1 g5 33.Kd2 Kd6 34.Rb1 Bc6 35.Ke3 Rf5
36.Bd3 Ra5 37.Rb2 Kc5 38.Bxh7 Kxc4 39.Rc2+ Kb5 40.Bg8 Kb6 41.Kf2  1-0

[Event "URS-ch U26"]
[Site "Jurmala"]
[Date "1983.??.??"]
[Round "?"]
[White "Gurevich, Mikhail"]
[Black "Salov, Valery"]
[Result "1-0"]
[WhiteElo "2420"]
[BlackElo "2415"]

1.d4 Nf6 2.c4 c5 3.e3 g6 4.Nc3 Bg7 5.Nf3 O-O 6.Be2 d5 7.O-O dxc4 8.Bxc4 cxd4
9.exd4 Nbd7 10.Bb3 Nb6 11.d5 Bf5 12.Re1 Rc8 13.Be3 Re8 14.Bd4 a6 15.h3 Nc4
16.g4 Bd7 17.Bxc4 Rxc4 18.Ne5 Rc8 19.Qf3 Rf8 20.Re2 Bb5 21.Rd2 Qd6 22.Re1 Be8
23.a3 a5 24.Nd3 Bd7 25.Be5 Qa6 26.Bh2 Rfe8 27.Ne5 h6 28.h4 g5 29.hxg5 hxg5
30.Bg3 Rc4 31.Nxc4 Qxc4 32.Be5 Bxg4 33.Qe3 Bf5 34.Qxg5 Bg6 35.Rd4 Qc5 36.Qh4 b5
37.Re3 Qb6 38.d6 Qc6 39.dxe7 Rxe7 40.Rd8+ Re8 41.Bxf6  1-0

[Event "URS-ch U26"]
[Site "Jurmala"]
[Date "1983.??.??"]
[Round "?"]
[White "Chernin, Alexander"]
[Black "Salov, Valery"]
[Result "0-1"]
[WhiteElo "2455"]
[BlackElo "2415"]

1.d4 Nf6 2.Nf3 e6 3.Bg5 c5 4.e3 b6 5.d5 exd5 6.Nc3 Be7 7.Nxd5 O-O 8.Bxf6 Bxf6
9.c3 Na6 10.Qd2 Rb8 11.Rd1 b5 12.Be2 Nc7 13.Nxf6+ Qxf6 14.O-O Rb6 15.b4 d6
16.e4 Re8 17.bxc5 dxc5 18.e5 Qe7 19.Rfe1 h6 20.g3 b4 21.cxb4 Rxb4 22.a3 Rb3
23.Nh4 Be6 24.Qc2 Rxa3 25.Rd6 Bh3 26.Qxc5 Qxe5 27.Qxa3 Nb5 28.Qa1 Nxd6 29.Qxe5 Rxe5
30.Ng2 a5 31.Ne3 Nf5 32.Nxf5 Bxf5 33.f4 Rc5 34.g4 Be6 35.Bd3 Kf8 36.f5 Bb3
37.Kf2 a4 38.Ra1 Ke7 39.Ke3 Kf6 40.Kd4 Rd5+ 41.Kc3 Kg5 42.Rh1 Kh4 43.Rf1 Rd7
44.Bb5 Ra7 45.Rg1 f6 46.Kb4 Kh3  0-1

[Event "URS-ch U26"]
[Site "Jurmala"]
[Date "1983.??.??"]
[Round "?"]
[White "Lanka, Zigurds"]
[Black "Salov, Valery"]
[Result "1/2-1/2"]
[WhiteElo "2365"]
[BlackElo "2415"]

1.e4 c5 2.Nf3 d6 3.d4 cxd4 4.Nxd4 Nf6 5.Nc3 Nc6 6.Bg5 e6 7.Qd2 Be7 8.O-O-O O-O
9.f4 Nxd4 10.Qxd4 Qa5 11.Kb1 Rd8 12.Be2 Bd7 13.Qd2 Kh8 14.Bf3 Bc6 15.h4 Rac8
16.Qe2 h6 17.g4 Qc7 18.Rc1 b5 19.f5 Qb7 20.Rh3 b4 21.Nd1 Re8 22.fxe6 fxe6
23.Nf2 Rf8 24.Bh1 a5 25.Bxf6 Bxf6 26.Nd3 Bd4 27.g5 e5 28.Rg3 Qf7 29.Bg2 Rce8
30.h5 hxg5 31.Rxg5 Re6 32.Rf5 Rf6 33.Rcf1 Qe7 34.Bh3 Rxf5 35.Bxf5 Qh4 36.Bg6 Rxf1+
37.Qxf1 Qe7 38.Ne1 d5 39.Qh3 Bd7 40.Qf3 dxe4 41.Qxe4 Be6 42.Qa8+ Bg8 43.Nf3 a4
44.b3 axb3 45.axb3 Bb6 46.Bd3 e4 47.Bxe4 Qd8 48.Qxd8 Bxd8 49.Ne5 Bf6 50.Ng6+ Kh7
51.Ne7+ Kh8 52.Nc6 Bc3 53.Nd8 Bf6 54.Nb7 Bf7 55.Bg6 Bd5 56.Nc5 Bd4 57.Nd3 Bc3
58.Nb2 Bd2 59.Nd3 Kg8 60.c4 bxc3 61.Kc2 Kf8 62.Nb4 Bf3 63.Na2 Bd5 64.Nxc3 Bxc3
65.Kxc3 Bxb3  1/2-1/2

[Event "URS-ch U26"]
[Site "Jurmala"]
[Date "1983.??.??"]
[Round "?"]
[White "Andrianov, Nikolai"]
[Black "Salov, Valery"]
[Result "1/2-1/2"]
[WhiteElo "2400"]
[BlackElo "2415"]

1.d4 Nf6 2.c4 e6 3.Nf3 b6 4.g3 Ba6 5.b3 Bb4+ 6.Bd2 Be7 7.Bg2 c6 8.Bc3 d5
9.Nbd2 Nbd7 10.O-O O-O 11.Re1 c5 12.e4 dxe4 13.Nxe4 Nxe4 14.Rxe4 Bb7 15.Re3 Bf6
16.Rd3 Be4 17.Re3 Bb7 18.Rd3 Be4 19.Re3  1/2-1/2

[Event "URS-ch U26"]
[Site "Jurmala"]
[Date "1983.??.??"]
[Round "?"]
[White "Salov, Valery"]
[Black "Lputian, Smbat G"]
[Result "1/2-1/2"]
[WhiteElo "2415"]
[BlackElo "2530"]

1.d4 e6 2.c4 Nf6 3.Nf3 b6 4.g3 Ba6 5.b3 Bb4+ 6.Bd2 Be7 7.Bg2 d5 8.cxd5 Nxd5
9.Nc3 Nd7 10.O-O O-O 11.Re1 c5 12.Rc1 Re8 13.Nxd5 exd5 14.Be3 Bf8 15.Bg5 Be7
16.Be3 Bb7 17.Bh3 cxd4 18.Nxd4 Bb4 19.Bd2 Bc5 20.Bc3 Nf6 21.b4 Bf8 22.f3 Bc8
23.Bf1 Ba6 24.Bh3 Bc8 25.Bf1 Ba6 26.Bh3 Bc8  1/2-1/2

[Event "URS-ch U26"]
[Site "Jurmala"]
[Date "1983.??.??"]
[Round "?"]
[White "Salov, Valery"]
[Black "Majorovas, Vitalijus"]
[Result "1-0"]
[WhiteElo "2445"]
[BlackElo "2420"]

1.d4 Nf6 2.c4 g6 3.Nc3 Bg7 4.e4 d6 5.f3 O-O 6.Be3 Nc6 7.Nge2 Re8 8.Qd2 a6
9.h4 h5 10.Bh6 Bh8 11.O-O-O Rb8 12.g4 e5 13.Bg5 exd4 14.Nxd4 hxg4 15.Nxc6 bxc6
16.h5 gxf3 17.hxg6 fxg6 18.Qh2 Kf7 19.e5 Bg4 20.exf6 Bh5 21.Rd3 Bxf6 22.Qf4 Kg7
23.Rxh5 gxh5 24.Bxf6+  1-0

[Event "URS-ch U26"]
[Site "Jurmala"]
[Date "1983.??.??"]
[Round "?"]
[White "Salov, Valery"]
[Black "Novikov, Igor A"]
[Result "1/2-1/2"]
[WhiteElo "2415"]
[BlackElo "2385"]

1.d4 Nf6 2.c4 e6 3.Nf3 b6 4.g3 Ba6 5.b3 Bb4+ 6.Bd2 Be7 7.Bg2 d5 8.Bc3 O-O
9.O-O Nbd7 10.Ne5 Bb7 11.Bb2 c5 12.Nd2 cxd4 13.Bxd4 Nxe5 14.Bxe5 Qd7 15.Rc1 Rac8
16.cxd5 Bxd5 17.Bxd5 Qxd5 18.Nf3 Qb7 19.Qd2 Rxc1 20.Rxc1 Rc8 21.Rxc8+ Qxc8
22.Bb2 Nd7 23.Ne5 Nxe5 24.Bxe5  1/2-1/2

[Event "URS-ch U26"]
[Site "Jurmala"]
[Date "1983.??.??"]
[Round "?"]
[White "Salov, Valery"]
[Black "Yermolinsky, Alex"]
[Result "1/2-1/2"]
[WhiteElo "2415"]
[BlackElo "2420"]

1.e4 c5 2.Nf3 d6 3.Nc3 a6 4.d4 cxd4 5.Nxd4 Nf6 6.Bg5 Nc6 7.Qd2 e6 8.O-O-O Bd7
9.f4 b5 10.Nxc6 Bxc6 11.Bd3 Be7 12.e5 dxe5 13.fxe5 Nd7 14.Bxe7 Qxe7 15.Be4 Qc5
16.Rhe1 Ra7 17.b4 Qb6 18.Qg5 O-O 19.Rd6 Qf2 20.Re2 Qg1+ 21.Rd1 Qb6 22.Rd6 Qg1+
23.Rd1  1/2-1/2

[Event "URS-ch U26"]
[Site "Jurmala"]
[Date "1983.??.??"]
[Round "?"]
[White "Salov, Valery"]
[Black "Zaichik, Gennadi"]
[Result "1/2-1/2"]
[WhiteElo "2415"]
[BlackElo "2480"]

1.d4 Nf6 2.c4 e6 3.Nf3 b6 4.g3 Ba6 5.b3 Bb4+ 6.Bd2 Be7 7.Bg2 c6 8.Bc3 O-O
9.Nbd2 d5 10.O-O Nbd7 11.Re1 Rc8 12.e4 c5 13.exd5 exd5 14.Qc2 Re8 15.Rad1 Qc7
16.Ba1 cxd4 17.Nxd4 Bb4 18.Rxe8+ Rxe8 19.Nf5 Bc5 20.Qc3 Re5 21.Qf3 Re8 22.Qc3 Re5
23.Qf3 Re8 24.Qc3  1/2-1/2

[Event "URS-ch U26"]
[Site "Jurmala"]
[Date "1983.??.??"]
[Round "?"]
[White "Vyzmanavin, Alexey"]
[Black "Salov, Valery"]
[Result "1/2-1/2"]
[WhiteElo "2460"]
[BlackElo "2415"]

1.d4 Nf6 2.c4 e6 3.Nc3 Bb4 4.e3 O-O 5.Ne2 Re8 6.a3 Bf8 7.d5 a5 8.g3 Na6 9.Bg2 Nc5
10.b3 c6 11.O-O Qb6 12.Rb1 exd5 13.cxd5 Nce4 14.Bb2 d6 15.Rc1 Bd7 16.Qc2 Nc5
17.Nd4 Rac8 18.dxc6 bxc6 19.Ba1 d5 20.Rfd1 Bg4 21.Rf1 Bh5 22.Qa2 Bg6 23.Rcd1 Nfe4
24.Nxe4 Bxe4 25.Rc1 Nd3 26.Rc3 c5 27.Ne2 Ne5 28.f3 Bf5 29.Kh1 Rcd8 30.e4 dxe4
31.fxe4 Be6 32.Nf4 a4 33.Nd5 Qa7  1/2-1/2

[Event "URS-ch U26"]
[Site "Jurmala"]
[Date "1983.??.??"]
[Round "?"]
[White "Salov, Valery"]
[Black "Azmaiparashvili, Zurab"]
[Result "1-0"]
[WhiteElo "2415"]
[BlackElo "2455"]

1.d4 d6 2.Nf3 g6 3.c3 Bg7 4.Bg5 Nf6 5.Nbd2 O-O 6.e4 Nbd7 7.Be2 h6 8.Bh4 g5
9.Bg3 Nh5 10.O-O e6 11.Nc4 Qe7 12.Qb3 b6 13.Rfe1 Bb7 14.Bf1 a5 15.a4 f5 16.exf5 Rxf5
17.Ne3 Rf7 18.Bc4 Nf8 19.Ng4 Re8 20.d5 Rxf3 21.gxf3 Qf7 22.Qd1 e5 23.b4 Ra8
24.Re4 Ng6 25.Ne3 Nhf4 26.Bxf4 gxf4 27.Ng2 Kh8 28.Qb3 Ne7 29.Rd1 Bf6 30.Kh1 Qh5
31.Be2 Qh3 32.c4 axb4 33.Qxb4 Bc8 34.Rg1 Bh4 35.Nxf4 Qf5 36.Nd3 Bg5 37.Rg3 Ng6
38.c5 bxc5 39.Qb5 Qd7 40.Qb3 Qf7 41.Bf1 c6 42.h4 Nxh4 43.Qc3 Nxf3 44.Nxc5 Qh5+
45.Kg2 cxd5 46.Rb4 dxc5 47.Rxf3 Be7 48.Rb6 Bd7 49.Rg3 Bf8 50.Qd2 Rd8 51.Be2 Qh4
52.Rbg6 Kh7 53.Bd3 e4 54.Qb2 Qe7 55.Rg8 d4 56.Bc4 Be6 57.Bxe6 Qxe6 58.Qb7+ Rd7
59.Qc8 e3 60.Qxf8 Qd5+ 61.f3 Qa2+ 62.Kh3  1-0

[Event "Tatran Cup"]
[Site "Stary Smokovec"]
[Date "1984.??.??"]
[Round "2"]
[White "Kristiansen, Jens"]
[Black "Salov, Valery"]
[Result "1/2-1/2"]
[WhiteElo "2445"]
[BlackElo "2480"]

1.e4 c5 2.Nf3 d6 3.d4 cxd4 4.Qxd4 Nc6 5.Bb5 Bd7 6.Bxc6 Bxc6 7.c4 Nf6 8.Nc3 e6
9.O-O Be7 10.Qd3 O-O 11.Nd4 Qc7 12.f3 Rfc8 13.Be3 a6 14.Rac1 Be8 15.b3 Nd7
16.Qe2 Bf6 17.Rfd1 Nc5 18.Qf2 Qe7 19.Qg3 b6 20.f4 Bh4 21.Qh3 Bf6 22.Qg3 Bh4
23.Qg4 Bf6 24.Qg3  1/2-1/2

[Event "Tatran Cup"]
[Site "Stary Smokovec"]
[Date "1984.??.??"]
[Round "3"]
[White "Salov, Valery"]
[Black "Knezevic, Milorad"]
[Result "1/2-1/2"]
[WhiteElo "2480"]
[BlackElo "2415"]

1.d4 Nf6 2.c4 c6 3.Nc3 d5 4.Nf3 g6 5.e3 Bg7 6.Bd3 O-O 7.O-O Bg4 8.h3 Bxf3
9.Qxf3 Qd6 10.Bd2 dxc4 11.Bxc4 Nbd7 12.Qe2 e5 13.dxe5 Nxe5 14.Bb3 Qd3 15.Rfd1 Rad8
16.Kf1 Qxe2+ 17.Kxe2 Nd3 18.Rab1 Rfe8 19.g3 Rd7 20.f4 Nc5 21.Bc2 Rde7 22.b4 Nce4
23.Nxe4 Nxe4 24.Bxe4 Rxe4 25.Rb3 Rd8 26.Rd3 Rxd3 27.Kxd3 f5 28.g4 Kf7 29.Rg1 Bf6
30.Rc1 Be7 31.a3 a6 32.Rc2 Ke6 33.Rc1  1/2-1/2

[Event "Tatran Cup"]
[Site "Stary Smokovec"]
[Date "1984.??.??"]
[Round "4"]
[White "Petrik, Karol"]
[Black "Salov, Valery"]
[Result "0-1"]
[WhiteElo "2305"]
[BlackElo "2480"]

1.Nf3 Nf6 2.b3 d6 3.d4 g6 4.Bb2 Bg7 5.e3 O-O 6.Nbd2 b6 7.Be2 Bb7 8.O-O Nbd7
9.b4 c5 10.bxc5 bxc5 11.Rb1 Qc7 12.c4 e6 13.Qa4 Ne4 14.Qa3 cxd4 15.exd4 e5
16.Nxe4 Bxe4 17.Rbc1 Rab8 18.dxe5 dxe5 19.Bc3 Rfe8 20.Ba5 Qc6 21.Rfd1 Bf8
22.Qc3 Bh6 23.Ra1 Rb7 24.a3 Bg7 25.Qe3 Nc5 26.Bb4 Bf8 27.Ng5 Bxg2 28.Qg3 f6  0-1

[Event "Tatran Cup"]
[Site "Stary Smokovec"]
[Date "1984.??.??"]
[Round "5"]
[White "Salov, Valery"]
[Black "Polgar, Zsuzsa"]
[Result "1/2-1/2"]
[WhiteElo "2480"]
[BlackElo "2405"]

1.d4 Nf6 2.c4 g6 3.Nc3 Bg7 4.Bf4 O-O 5.Nf3 c5 6.d5 d6 7.e4 b5 8.cxb5 a6 9.bxa6 Qa5
10.Bd2 Bxa6 11.Bxa6 Qxa6 12.Qe2 Nbd7 13.Qxa6 Rxa6 14.Kd1 Rb8 15.Rb1 c4 16.Be3 Ng4
17.Nd4 Nde5 18.Ke2 Nd3 19.b3 Ndxf2 20.bxc4 Rba8 21.Rhc1 Nxe3 22.Kxe3 Ng4+
23.Kd3 Nf2+ 24.Ke3 Ng4+ 25.Kd3 Ne5+ 26.Ke2 Nxc4 27.Rb4 Bxd4 28.Rxc4 Bxc3
29.R4xc3 Rxa2+ 30.R3c2 f5 31.exf5 gxf5 32.Kf3 Rxc2 33.Rxc2 Ra4 34.Rc8+ Kf7
35.Rh8 Kg7 36.Re8 Kf7 37.Rh8 Kg7 38.Re8 Kf6 39.Rf8+ Ke5 40.Rf7 Ra3+ 41.Kf2 Ra7
42.h4 Kxd5 43.Rxh7 Ke4 44.h5 Ra2+ 45.Kg3 e5 46.Rg7 Ra1 47.Kh4 Rh1+ 48.Kg5 Rh2
49.g3 Rh3 50.h6 d5 51.h7 d4 52.Re7 d3 53.Kf6 f4 54.Rxe5+ Kd4 55.gxf4 Rxh7
56.Re1 d2 57.Rd1 Ke3 58.f5 Ke2 59.Rxd2+ Kxd2 60.Kg6 Ra7 61.f6 Ke3 62.f7 Rxf7
63.Kxf7  1/2-1/2

[Event "Tatran Cup"]
[Site "Stary Smokovec"]
[Date "1984.??.??"]
[Round "7"]
[White "Salov, Valery"]
[Black "Lechtynsky, Jiri"]
[Result "1/2-1/2"]
[WhiteElo "2480"]
[BlackElo "2440"]

1.c4 Nf6 2.Nc3 e6 3.Nf3 d5 4.d4 Be7 5.Bg5 h6 6.Bxf6 Bxf6 7.e3 O-O 8.Rc1 Nc6
9.Be2 dxc4 10.Bxc4 e5 11.d5 Ne7 12.Ne4 Ng6 13.d6 cxd6 14.Qxd6 Qxd6 15.Nxd6 e4
16.Nxe4 Bxb2 17.Rb1 Ba3 18.Rb3 Be7 19.Ke2 Rd8 20.h4 b5 21.Bxb5 Be6 22.h5 Rab8
23.Ba6 Bxb3 24.axb3 Nf8 25.Bc4 Nd7 26.Ra1 Nb6 27.Bd3 Rb7 28.g4 Nd5 29.Bc4 Nb6
30.Ba6 Rbd7 31.Bb5 Rc7 32.Nd4 Rdc8 33.Bd3 Rd7 34.Ba6 Rcc7 35.Bd3 Nd5 36.Bb5 Rd8
37.Nc6 Ra8 38.Ne5 Nf6 39.Nd2 Rc5 40.Bc6 Rc8 41.Ndc4 R5xc6 42.Nxc6 Rxc6 43.Rxa7 Re6
44.f3 Nd5 45.Rd7 Nf6 46.Rb7 Bf8 47.e4 Nd5 48.Rb8 g6 49.Kf2 Nf4 50.Ke3 Nd5+
51.Kf2 Nb4 52.Rb5 Nc6 53.Ke3 g5 54.f4 gxf4+ 55.Kxf4 Nd4 56.Rb8 Rc6 57.e5 Nxb3
58.Rxb3 Rxc4+ 59.Kf5 Be7 60.Rb8+ Kg7 61.Rb7 Bd8 62.Rd7 Bc7 63.g5 hxg5 64.e6 Kh6
65.exf7 Rf4+ 66.Ke6 Ba5 67.Rd4 Rf2 68.Rc4 Kg7 69.h6+ Kxh6 70.Rc8 Bb4 71.Rh8+ Kg6
72.Rg8+ Kh5 73.Rb8 Re2+ 74.Kf5 Rf2+ 75.Ke6 Ba3  1/2-1/2

[Event "Tatran Cup"]
[Site "Stary Smokovec"]
[Date "1984.??.??"]
[Round "8"]
[White "Vilela, Jose Luis"]
[Black "Salov, Valery"]
[Result "1-0"]
[WhiteElo "2410"]
[BlackElo "2480"]

1.d4 Nf6 2.c4 c5 3.d5 b5 4.cxb5 a6 5.bxa6 Bxa6 6.g3 g6 7.b3 Bg7 8.Bb2 O-O
9.Bg2 d6 10.Nh3 Nbd7 11.O-O Bb7 12.Re1 Ra7 13.e4 Qa8 14.Nc3 Ne8 15.Qd2 Nc7
16.Nf4 Ba6 17.Nd3 Qb8 18.Rab1 Rb7 19.Na4 Bxb2 20.Rxb2 Nb5 21.Qd1 Nd4 22.Rd2 Qa7
23.Nc3 Qb6 24.Nc1 Ne5 25.Re3 Qb4 26.f4 Nd7 27.h3 Kg7 28.Kh2 Rfb8 29.N1e2 Nxe2
30.Nxe2 f6 31.Ng1 c4 32.Nf3 cxb3 33.axb3 Rc8 34.Nd4 Kf7 35.Nc6 Qb6 36.Qe1 Rbc7
37.e5 Nf8 38.exd6 exd6 39.Re7+ Kg8 40.Qa1  1-0

[Event "Tatran Cup"]
[Site "Stary Smokovec"]
[Date "1984.??.??"]
[Round "10"]
[White "Utasi, Tamas"]
[Black "Salov, Valery"]
[Result "1-0"]
[WhiteElo "2505"]
[BlackElo "2480"]

1.d4 Nf6 2.Nf3 e6 3.e3 b6 4.Bd3 Bb7 5.O-O c5 6.c4 Be7 7.Nc3 cxd4 8.exd4 d6
9.d5 e5 10.Nh4 Nxd5 11.cxd5 Bxh4 12.Bb5+ Kf8 13.f4 e4 14.Nxe4 a6 15.Be2 Be7
16.Be3 Nd7 17.Bf3 Nf6 18.Ng3 g6 19.Bd4 Rg8 20.Qb3 Nd7 21.Ne4 f5 22.Ng5 Bxg5
23.fxg5 Rc8 24.Qa3 Rc5 25.Rae1 Qc7 26.Re6 Bc8 27.Qe3 Ne5 28.Rf6+ Nf7 29.Re1 Qd7
30.Re6  1-0

[Event "Tatran Cup"]
[Site "Stary Smokovec"]
[Date "1984.??.??"]
[Round "11"]
[White "Salov, Valery"]
[Black "Plachetka, Jan"]
[Result "1/2-1/2"]
[WhiteElo "2480"]
[BlackElo "2410"]

1.d4 Nf6 2.Nf3 e6 3.c4 d5 4.Nc3 Bb4 5.Bg5 Nbd7 6.cxd5 exd5 7.e3 c5 8.Bd3 Qa5
9.Qc2 O-O 10.O-O c4 11.Bf5 Re8 12.Nd2 Bxc3 13.Qxc3 Qxc3 14.bxc3 h6 15.Bxf6 Nxf6
16.Bxc8  1/2-1/2

[Event "Nikea op"]
[Site "Nikea"]
[Date "1985.??.??"]
[Round "?"]
[White "Utasi, Tamas"]
[Black "Salov, Valery"]
[Result "1/2-1/2"]
[WhiteElo "2480"]
[BlackElo "2525"]

1.d4 Nf6 2.c4 e6 3.Nf3 b6 4.e3 Bb7 5.Bd3 d5 6.O-O Bd6 7.b3 O-O 8.Bb2 Nbd7
9.Nc3 a6 10.Rc1 Qe7 11.Na4 Ne4 12.Qc2 f5 13.Ne5 dxc4 14.bxc4 Bxe5 15.dxe5 Nec5
16.Nxc5 Nxc5 17.a3  1/2-1/2

[Event "Nikea op"]
[Site "Nikea"]
[Date "1985.??.??"]
[Round "?"]
[White "Salov, Valery"]
[Black "Skalkotas, Nikolaos"]
[Result "1-0"]
[WhiteElo "2525"]
[BlackElo "2375"]

1.d4 Nf6 2.Nf3 g6 3.Bg5 Bg7 4.Nbd2 d5 5.e3 O-O 6.Bd3 c5 7.c3 Qb6 8.Qb3 cxd4
9.exd4 Qe6+ 10.Kf1 Qd6 11.Re1 Nc6 12.Ne5 Ng4 13.Nxc6 bxc6 14.Bxe7 Qf4 15.Nf3 Re8
16.Qc2 Ne5 17.Bg5 Qxf3 18.gxf3 Bh3+ 19.Ke2 Nxd3+ 20.Kd2 Nxe1 21.Rxe1 Rxe1
22.Kxe1 Re8+ 23.Be3 Bf8 24.Qa4 Re6 25.Qxa7 Bd6 26.Kd2 h5 27.a4 Bg2 28.a5 h4
29.a6 Bf1 30.Qa8+ Kg7 31.a7 Re7 32.Bh6+ Kxh6 33.Qf8+  1-0

[Event "Nikea op"]
[Site "Nikea"]
[Date "1985.??.??"]
[Round "?"]
[White "Salov, Valery"]
[Black "Pandavos, Emanouel"]
[Result "1-0"]
[WhiteElo "2525"]
[BlackElo "2330"]

1.d4 Nf6 2.c4 e5 3.dxe5 Ng4 4.Nf3 Nc6 5.Bf4 Bb4+ 6.Nc3 Qe7 7.Rc1 Ngxe5 8.Nxe5 Nxe5
9.a3 Bxc3+ 10.Rxc3 d6 11.g3 O-O 12.Bg2 Ng6 13.Bc1 Rb8 14.b3 Be6 15.O-O Qd7
16.Re1 Rfe8 17.Bb2 f6 18.Qd2 Ne5 19.f4 Nc6 20.Rd3 Qf7 21.h3 a5 22.g4 Qe7
23.Qc3 h6 24.Rg3 Qd7 25.Bf3 Re7 26.h4 Kf8 27.Kf2 a4 28.g5 fxg5 29.hxg5 hxg5
30.Rxg5 Rf7 31.Rh1 Ke7 32.Rxg7 Rf8 33.Qf6+ Ke8 34.Bh5 Nd8 35.Rhg1 Qe7 36.Rg8 Rxg8
37.Rxg8+ Kd7 38.Bxf7 Bxf7 39.Rg3 axb3 40.Qf5+ Be6 41.Qb5+ Kc8 42.Qxb3 Qf7
43.Qf3 Bxc4 44.Rg7 Qe8 45.Bf6 Nf7 46.Qg4+ Qe6 47.Qxe6+ Bxe6 48.f5 Bb3 49.e4 b5
50.Kg3 c5 51.Bc3 Kd7 52.Kf4 Ke7 53.Rg8 Bc4 54.Rb8 Kd7 55.Rb7+ Ke8 56.Bf6 Bd3
57.Rc7 Nh6 58.Re7+ Kf8 59.Re6  1-0

[Event "Nikea op"]
[Site "Nikea"]
[Date "1985.??.??"]
[Round "?"]
[White "Salov, Valery"]
[Black "Foisor, Ovidiu"]
[Result "1-0"]
[WhiteElo "2525"]
[BlackElo "2430"]

1.d4 Nf6 2.c4 e6 3.Nc3 Bb4 4.e3 O-O 5.Ne2 d5 6.a3 Bd6 7.cxd5 exd5 8.b4 c6
9.Ng3 a5 10.b5 c5 11.dxc5 Bxc5 12.Na4 Bd6 13.Bb2 Be6 14.Bd3 Nbd7 15.Nf5 Be5
16.Nd4 Re8 17.O-O Bd6 18.Nf5 Be5 19.Bd4 Rc8 20.Rc1 Rxc1 21.Qxc1 Qb8 22.Ng3 Rc8
23.Qb2 Bxd4 24.exd4 Qf4 25.Ne2 Qd6 26.Rc1 Nb6 27.Nxb6 Qxb6 28.Rxc8+ Bxc8
29.Qc3 Be6 30.f3 Qd8 31.Kf2 b6 32.Qc6 Qb8 33.h3 Bd7 34.Qc1 Qd6 35.a4 g6 36.Qg5 Kg7
37.Qe5 Qxe5 38.dxe5 Ne8 39.Ke3 Nc7 40.Kd4 Bc8 41.f4 f5 42.exf6+ Kxf6 43.g4 Bd7
44.Bc2 Ke6 45.f5+ Kd6 46.Nf4 Be8 47.fxg6 hxg6 48.h4 Bf7 49.Bd3 Ne6+ 50.Nxe6 Kxe6
51.Be2 Kf6 52.Bf3 g5 53.hxg5+ Kxg5 54.Bxd5 Bg6 55.Be4 Bf7 56.Bd5 Bg6 57.Bb3 Kf6
58.g5+ Ke7 59.Ke5 Bh7 60.Bd5 Bc2 61.Be6  1-0

[Event "Nikea op"]
[Site "Nikea"]
[Date "1985.??.??"]
[Round "?"]
[White "Rukavina, Josip"]
[Black "Salov, Valery"]
[Result "1/2-1/2"]
[WhiteElo "2470"]
[BlackElo "2525"]

1.Nf3 Nf6 2.c4 e6 3.g3 d5 4.Bg2 dxc4 5.Qa4+ Nbd7 6.Qxc4 c5 7.Qb3 Rb8 8.a4 b6
9.d3 Bd6 10.Na3 a6 11.Nc4 Bc7 12.Bd2 Bb7 13.O-O O-O 14.Qa3 b5 15.axb5 axb5
16.Na5 Ba8 17.Rfc1 Bd6 18.b4 cxb4 19.Bxb4 Bxb4 20.Qxb4 Nd5 21.Qb2 b4 22.Nd4 Qf6
23.Rc2 Rb6 24.Nc4 Rbb8 25.Na5 Rb6 26.Nc4  1/2-1/2

[Event "Nikea op"]
[Site "Nikea"]
[Date "1985.??.??"]
[Round "?"]
[White "Lirindzakis, Timotheos"]
[Black "Salov, Valery"]
[Result "0-1"]
[WhiteElo "2330"]
[BlackElo "2525"]

1.e4 c5 2.Nf3 d6 3.d4 cxd4 4.Nxd4 Nf6 5.Nc3 Nc6 6.g3 e6 7.Bg2 Bd7 8.Nb3 a6
9.a4 Rc8 10.a5 Ne5 11.Nd2 Be7 12.O-O O-O 13.f4 Nc4 14.Nxc4 Rxc4 15.Be3 Qc8
16.Kh1 Rb4 17.Ra2 Bc6 18.Qd3 Rd8 19.Bb6 Rd7 20.f5 Qe8 21.b3 Bd8 22.Bg1 exf5
23.exf5 Bxg2+ 24.Kxg2 Qe5 25.Raa1 Rc7 26.Rf3 h6 27.Bb6 Rc8 28.Re3 Ne4 29.Bxd8 Rxc3
30.Qxc3 Nxc3 31.Rxe5 dxe5 32.Rf1 Rd4 33.Bb6 Rd2+ 34.Rf2 Rd1 35.Rf1 Rd7 36.Rf2 f6
37.Be3 Nd1 38.Re2 Nxe3+ 39.Rxe3 Rd2+ 40.Kf3 Rxc2 41.Rd3 Rc5 42.b4  0-1

[Event "URS-FL"]
[Site "Irkutsk"]
[Date "1986.??.??"]
[Round "?"]
[White "Gavrikov, Viktor"]
[Black "Salov, Valery"]
[Result "1/2-1/2"]
[WhiteElo "2550"]
[BlackElo "2550"]

1.d4 Nf6 2.c4 e6 3.Nc3 Bb4 4.e3 O-O 5.Nf3 b6 6.Bd3 Bb7 7.O-O d5 8.a3 Bd6
9.cxd5 exd5 10.b4 Ne4 11.Qb3 Nxc3 12.Qxc3 Qe7 13.Bb2 Nd7 14.b5 a6 15.a4 axb5
16.axb5 Nf6 17.Ne5 Ne4 18.Qc2 Qg5 19.Rfe1 Qh6 20.f3 Rxa1 21.Bxa1 Ng5 22.Qf2 f6
23.Ng4 Qh5 24.Bb2 Bc8 25.h3 f5 26.Ne5 f4 27.exf4 Rxf4 28.Qe3  1/2-1/2